| 000 | 03679cam a2200709Ii 4500 | ||
|---|---|---|---|
| 003 | PE-LiUPU | ||
| 005 | 20250731170426.0 | ||
| 008 | 190207s2017 mx rb 001 0 spa d | ||
| 020 | _a6074485852 | ||
| 020 | _a9786074485851 | ||
| 035 | _a(Sirsi) i9786074485851 | ||
| 035 | _a(OCoLC)992720625 | ||
| 040 |
_aPE-LiUPU _bspa _cPE-LiUPU _erda |
||
| 049 | _aPRUA | ||
| 082 | 0 | 4 |
_a158.720972 _bP28 _223 |
| 100 | 1 |
_aPatlán Pérez, Juana, _eautor. |
|
| 245 | 1 | 0 |
_aCalidad de vida en el trabajo / _cJuana Patlán Pérez. |
| 250 | _a1a edición. | ||
| 264 | 1 |
_aMéxico : _bUniversidad Nacional Autónoma de México : _bEditorial El Manual Moderno, _c2017. |
|
| 300 |
_axx, 278 páginas ; _c23 centímetros |
||
| 336 |
_atext _2rdacontent |
||
| 337 |
_aunmediated _2rdamedia |
||
| 338 |
_avolume _2rdacarrier |
||
| 504 | _aBibliografía al final de cada capítulo. | ||
| 504 | _aÍndice: páginas 271-278. | ||
| 505 | 0 | _aSalud ocupacional y calidad de vida en el trabajo -- Antecedentes e importancia de la calidad de vida en el trabajo -- Derechos humanos laborales: el derecho a la calidad de vida en el trabajo -- ¿Qué es la calidad de vida en el trabajo? Hacia una definición integrada -- Enfoques teóricos de la calidad de vida en el trabajo -- Escala de calidad de vida en el trabajo diseñada mediante redes semánticas naturales para población mexicana -- Propiedades psicométricas de la escala de calidad de vida en el trabajo diseñada para población mexicana -- Escala y autopercepción de la calidad de vida en el trabajo del personal técnico de atención primaria a la salud -- Efecto de la calidad de vida en el trabajo en el bienestar subjetivo: evaluación de trabajadores de la Ciudad de México -- Calidad de vida en el trabajo y estrés laboral -- Relación de adicción al trabajo y calidad de vida en el trabajo -- La calidad de vida en el trabajo en las organizaciones. | |
| 526 | _aSEG68 | ||
| 526 | _aSEG70 | ||
| 526 | _aSEG69 | ||
| 526 | _aSEG67 | ||
| 526 | _aSEG43 | ||
| 526 | _aP144 | ||
| 526 | _aP143 | ||
| 526 | _aP131 | ||
| 526 | _aP122 | ||
| 526 | _aP120 | ||
| 526 | _aP117 | ||
| 526 | _aP112 | ||
| 526 | _aP110 | ||
| 526 | _aP106 | ||
| 526 | _aP101 | ||
| 526 | _aP80 | ||
| 526 | _aP59 | ||
| 526 | _aP54 | ||
| 526 | _aP35 | ||
| 526 | _aP33 | ||
| 526 | _aP30 | ||
| 541 | _gF002-00000795; | ||
| 541 | _gF002-00001570; | ||
| 650 | 0 |
_aEmpleados _xEstrés laboral _zMéxico. |
|
| 650 | 0 |
_aJob satisfaction _zMexico. |
|
| 910 |
_adbm _bjpc _cjpc _d20190207 |
||
| 910 |
_abgr _bjpc _cjpc _d20190814 |
||
| 942 |
_2ddc _cBOOK |
||
| 949 |
_a158.720972 P28 _wDEWEY _c1 _i79876 _lCATALOGING _mBUL _p23.00 _r0 _sY _tBOOK _u2019-02-07 _xSALUD _zP33 _0COMPRA _o.STAFF. Colección Ciencias de la Salud |
||
| 949 |
_a158.720972 P28 _wDEWEY _c2 _i79877 _lCATALOGING _mBUL _p23.00 _r0 _sY _tBOOK _u2019-02-07 _xSALUD _zP33 _0COMPRA _o.STAFF. Colección Ciencias de la Salud |
||
| 994 |
_aC0 _bPEPRU |
||
| 596 | _a1 | ||
| 999 |
_a158.720972 P28 _wDEWEY _c31054 _i79876 _f2021-11-3 _g3 _lCCODEBUL1 _mBUL _p23.00 _r0 _sY _tBOOK _u2019-2-7 _xSALUD _zP33 _0COMPRA _1FCOMPR2 _o.STAFF. Colección Ciencias de la Salud _d31054 |
||
| 999 |
_a158.720972 P28 _wDEWEY _c2 _i79877 _f2021-11-3 _g3 _lCCODEBUL1 _mBUL _p23.00 _r0 _sY _tBOOK _u2019-2-7 _xSALUD _zP33 _0COMPRA _1FCOMPR2 _o.STAFF. Colección Ciencias de la Salud |
||
| 999 |
_a158.720972 P28 _wDEWEY _c3 _i80448 _f2021-11-3 _g3 _lCCODEBUL1 _mBUL _p23.00 _r0 _sY _tBOOK _u2019-8-14 _xSALUD _zP33 _0COMPRA _1FCOMPR3 _o.STAFF. Colección Ciencias de la Salud |
||
| 980 |
_81 _gALBERTO SANCHEZ Responsable de Automatización |
||